top 8 pays exportateurs armes 2018-2022 - Statistiques

Statistiques générales
  • Ce quiz a été pris 255 fois
  • Le résultat moyen est 7 sur 8
Statistiques - réponses
rang pays part en % dans le monde % Correct
1 Etats-Unis 40%
100%
3 France 11%
100%
4 Chine 5,2%
94%
2 Russie 16%
94%
5 Allemagne 4.2%
86%
7 Royaume-Uni 3,2%
82%
6 Italie 3,8%
69%
8 Corée du Sud 2.4%
41%
Aucun quiz correspondant
Distribution des résultats
% des personnes avec chaque résultat
Percentile par nombre de réponses
Votre historique - résultats
Vous n’avez pas pris ce quiz